00704 2200265 4500001002100000005001700021008004100038020002200079035002400101040001200125082001600137084001600153090001600169100001900185245002100204260002800225300003100253500002700284650003800311700002600349850001200375990001700387990001700404990001700421INLIS00000000000017120141003091931.0  a978-0-8048-4051-4 0010-101400000000066 aYOPDYOG aQ 729 Pow S aQ 729 Pow S aQ 729 Pow S aPOWELL, Robert aSingapore houses aSingaporebTuttlec2009 a240 hlm.b: ilus. ;c31 cm aBibliografi : hlm. 234 aArsitektur-Desain dan Perencanaan aLim Koon Seng, Albert aYOPDYOG a8611-PD/B.14 a8612-PD/B.14 a8613-PD/B.14